| 000 | 00908cab a2200241 4500 | ||
|---|---|---|---|
| 001 | ABS56525 | ||
| 008 | 090401t1997 xxu||||| |||| 00| 0 eng d | ||
| 035 | _a(Sirsi) u24283 | ||
| 041 | _aeng | ||
| 245 | _aCheltenham and Gloucester plc v Krausz and another | ||
| 260 | _c1997 | ||
| 350 | _a0 | ||
| 490 |
_aAll England Law Reports _v[1997] 1 All ER 21-31(11) |
||
| 520 | _aCA 22 October 1996. The county court is not empowered to suspend a warrant for possession of a mortgaged property when proceeds of a sale proposed by the defendant will not fully discharge the mortgage debt. | ||
| 650 | _aADMINISTRATION OF JUSTICE ACT 1973 S8 | ||
| 650 | _aCHELTENHAM AND GLOUCESTER PLC V KRAUSZ AND ANOTHER | ||
| 650 | _aLAW OF PROPERTY ACT 1925 S91(2) | ||
| 650 | _aMORTGAGE ARREARS | ||
| 650 | _aPOSSESSION ORDER | ||
| 690 | _aPROPERTY LAW AND PRACTICE-CASE LAW | ||
| 942 | _n0 | ||
| 948 | _c04/03/1997 | ||
| 999 |
_c16275 _d16275 |
||